=LDR 00000nam 2200000 4500 =001 NUTBA000000000003189 =005 20140806105024.0 =006 =007 =008 =020 ##$$a 978-602-9134-23-0 =035 ##$$a 0010-081400000000033 =040 ##$$a NBPDMAT =082 ##$$a 372.7 =090 ##$$a 372.7 $b Nit a =100 ##$$a Nita Ariyani =245 ##$$a Ayo bermain pecahan / $c Nita Ariyani =250 ##$$a Cet.2 =260 ##$$a Jakarta : $b Daun Hijau, $c 2011 =300 ##$$a iv, 68 hlm. : $b ilus. ; $c 25 cm. =500 ##$$a Bibliografi : hlm. 68 =650 ##$$a Matematika - SD - Pecahan =850 ##$$a NBPDMAT =990 ##$$a 21406272